Statistics for Gyors matematika – dupla ez a szám!

Click here to take the quiz!

General Stats

  • This quiz has been taken 108 times
  • The average score is 11 of 20

Answer Stats

számkettős% Correct
5001000
100%
5021004
100%
5071014
100%
5091018
100%
5101020
100%
5121024
100%
52104
100%
5201040
100%
5221044
100%
53106
100%
5341068
100%
5351070
100%
5441088
100%
5501100
100%
5511102
100%
5561112
100%
5571114
100%
5631126
100%
5641128
100%
5681136
100%
57114
100%
5721144
100%
58116
100%
5831166
100%
5861172
100%
5961192
100%
612
100%
60120
100%
6051210
100%
6121224
100%
6141228
100%
6251250
100%
6261252
100%
6311262
100%
6331266
100%
6381276
100%
6411282
100%
6441288
100%
65130
100%
6501300
100%
6591318
100%
6601320
100%
6611322
100%
6631326
100%
6641328
100%
6681336
100%
67134
100%
6751350
100%
69138
100%
6901380
100%
6931386
100%
6941388
100%
714
100%
7031406
100%
7041408
100%
7151430
100%
7161432
100%
7181436
100%
7191438
100%
7211442
100%
7251450
100%
7281456
100%
73146
100%
7301460
100%
7321464
100%
7421484
100%
7461492
100%
7541508
100%
7581516
100%
7591518
100%
76152
100%
7621524
100%
7651530
100%
7741548
100%
7751550
100%
80160
100%
8011602
100%
8031606
100%
8041608
100%
8091618
100%
81162
100%
8111622
100%
8161632
100%
8171634
100%
8181636
100%
82164
100%
8201640
100%
8211642
100%
8221644
100%
8241648
100%
8261652
100%
83166
100%
8301660
100%
8361672
100%
8381676
100%
84168
100%
8411682
100%
8441688
100%
8501700
100%
8511702
100%
8551710
100%
8581716
100%
86172
100%
8651730
100%
8671734
100%
8701740
100%
8711742
100%
8761752
100%
8861772
100%
89178
100%
8911782
100%
8921784
100%
918
100%
9001800
100%
9081816
100%
91182
100%
9101820
100%
9121824
100%
9131826
100%
9191838
100%
92184
100%
9201840
100%
9231846
100%
9281856
100%
93186
100%
9351870
100%
9381876
100%
94188
100%
9441888
100%
9481896
100%
9501900
100%
9551910
100%
9621924
100%
9631926
100%
9691938
100%
97194
100%
9701940
100%
9721944
100%
9741948
100%
101202
100%
102204
100%
103206
100%
104208
100%
106212
100%
109218
100%
1122
100%
111222
100%
116232
100%
120240
100%
121242
100%
124248
100%
125250
100%
127254
100%
129258
100%
132264
100%
135270
100%
136272
100%
137274
100%
138276
100%
140280
100%
142284
100%
144288
100%
146292
100%
148296
100%
149298
100%
151302
100%
153306
100%
159318
100%
160320
100%
163326
100%
164328
100%
170340
100%
171342
100%
173346
100%
184368
100%
190380
100%
197394
100%
199398
100%
201402
100%
203406
100%
205410
100%
206412
100%
209418
100%
210420
100%
211422
100%
215430
100%
218436
100%
220440
100%
224448
100%
228456
100%
231462
100%
234468
100%
235470
100%
236472
100%
237474
100%
241482
100%
242484
100%
245490
100%
247494
100%
2550
100%
252504
100%
257514
100%
260520
100%
261522
100%
263526
100%
265530
100%
270540
100%
274548
100%
278556
100%
279558
100%
280560
100%
282564
100%
283566
100%
286572
100%
290580
100%
296592
100%
297594
100%
299598
100%
307614
100%
309618
100%
3162
100%
311622
100%
312624
100%
316632
100%
317634
100%
319638
100%
321642
100%
326652
100%
329658
100%
330660
100%
331662
100%
3468
100%
344688
100%
3570
100%
351702
100%
354708
100%
355710
100%
359718
100%
363726
100%
365730
100%
368736
100%
3774
100%
370740
100%
375750
100%
3876
100%
382764
100%
388776
100%
390780
100%
391782
100%
395790
100%
398796
100%
4080
100%
401802
100%
403806
100%
404808
100%
406812
100%
411822
100%
412824
100%
413826
100%
414828
100%
415830
100%
4284
100%
427854
100%
431862
100%
432864
100%
436872
100%
4488
100%
446892
100%
450900
100%
454908
100%
455910
100%
456912
100%
4692
100%
460920
100%
461922
100%
464928
100%
467934
100%
468936
100%
475950
100%
479958
100%
481962
100%
485970
100%
4998
100%
490980
100%
496992
100%
5591118
80%
1632
75%
300600
75%
372744
75%
441882
75%
5821164
67%
6151230
67%
6271254
67%
6471294
67%
7941588
67%
8731746
67%
8851770
67%
9491898
67%
96192
67%
9661932
67%
9681936
67%
105210
67%
131262
67%
147294
67%
161322
67%
168336
67%
180360
67%
200400
67%
222444
67%
229458
67%
249498
67%
2754
67%
284568
67%
305610
67%
313626
67%
341682
67%
51102
50%
5141028
50%
5191038
50%
5231046
50%
5331066
50%
5371074
50%
5451090
50%
5521104
50%
5581116
50%
5761152
50%
5791158
50%
6031206
50%
6071214
50%
6401280
50%
6431286
50%
6481296
50%
6491298
50%
6511302
50%
6671334
50%
6721344
50%
6811362
50%
7021404
50%
7061412
50%
7081416
50%
7121424
50%
7141428
50%
7171434
50%
7201440
50%
7371474
50%
7431486
50%
7491498
50%
7691538
50%
7711542
50%
78156
50%
7811562
50%
7871574
50%
7981596
50%
8001600
50%
8481696
50%
8521704
50%
8801760
50%
8831766
50%
9051810
50%
9251850
50%
9561912
50%
9601920
50%
9711942
50%
9731946
50%
9861972
50%
9891978
50%
99198
50%
9911982
50%
9921984
50%
107214
50%
154308
50%
174348
50%
176352
50%
177354
50%
186372
50%
213426
50%
219438
50%
240480
50%
253506
50%
2652
50%
266532
50%
272544
50%
301602
50%
332664
50%
333666
50%
347694
50%
356712
50%
366732
50%
373746
50%
379758
50%
380760
50%
383766
50%
386772
50%
407814
50%
419838
50%
421842
50%
452904
50%
476952
50%
486972
50%
487974
50%
489978
50%
495990
50%
5111022
33%
5131026
33%
5841168
33%
6291258
33%
6341268
33%
6741348
33%
7361472
33%
7601520
33%
9071814
33%
9431886
33%
9531906
33%
357714
33%
409818
33%
426852
33%
449898
33%
482964
33%
493986
33%
182364
25%
510
0%
50100
0%
5011002
0%
5031006
0%
5041008
0%
5051010
0%
5061012
0%
5081016
0%
5151030
0%
5161032
0%
5171034
0%
5181036
0%
5211042
0%
5241048
0%
5251050
0%
5261052
0%
5271054
0%
5281056
0%
5291058
0%
5301060
0%
5311062
0%
5321064
0%
5361072
0%
5381076
0%
5391078
0%
54108
0%
5401080
0%
5411082
0%
5421084
0%
5431086
0%
5461092
0%
5471094
0%
5481096
0%
5491098
0%
55110
0%
5531106
0%
5541108
0%
5551110
0%
56112
0%
5601120
0%
5611122
0%
5621124
0%
5651130
0%
5661132
0%
5671134
0%
5691138
0%
5701140
0%
5711142
0%
5731146
0%
5741148
0%
5751150
0%
5771154
0%
5781156
0%
5801160
0%
5811162
0%
5851170
0%
5871174
0%
5881176
0%
5891178
0%
59118
0%
5901180
0%
5911182
0%
5921184
0%
5931186
0%
5941188
0%
5951190
0%
5971194
0%
5981196
0%
5991198
0%
6001200
0%
6011202
0%
6021204
0%
6041208
0%
6061212
0%
6081216
0%
6091218
0%
61122
0%
6101220
0%
6111222
0%
6131226
0%
6161232
0%
6171234
0%
6181236
0%
6191238
0%
62124
0%
6201240
0%
6211242
0%
6221244
0%
6231246
0%
6241248
0%
6281256
0%
63126
0%
6301260
0%
6321264
0%
6351270
0%
6361272
0%
6371274
0%
6391278
0%
64128
0%
6421284
0%
6451290
0%
6461292
0%
6521304
0%
6531306
0%
6541308
0%
6551310
0%
6561312
0%
6571314
0%
6581316
0%
66132
0%
6621324
0%
6651330
0%
6661332
0%
6691338
0%
6701340
0%
6711342
0%
6731346
0%
6761352
0%
6771354
0%
6781356
0%
6791358
0%
68136
0%
6801360
0%
6821364
0%
6831366
0%
6841368
0%
6851370
0%
6861372
0%
6871374
0%
6881376
0%
6891378
0%
6911382
0%
6921384
0%
6951390
0%
6961392
0%
6971394
0%
6981396
0%
6991398
0%
70140
0%
7001400
0%
7011402
0%
7051410
0%
7071414
0%
7091418
0%
71142
0%
7101420
0%
7111422
0%
7131426
0%
72144
0%
7221444
0%
7231446
0%
7241448
0%
7261452
0%
7271454
0%
7291458
0%
7311462
0%
7331466
0%
7341468
0%
7351470
0%
7381476
0%
7391478
0%
74148
0%
7401480
0%
7411482
0%
7441488
0%
7451490
0%
7471494
0%
7481496
0%
75150
0%
7501500
0%
7511502
0%
7521504
0%
7531506
0%
7551510
0%
7561512
0%
7571514
0%
7611522
0%
7631526
0%
7641528
0%
7661532
0%
7671534
0%
7681536
0%
77154
0%
7701540
0%
7721544
0%
7731546
0%
7761552
0%
7771554
0%
7781556
0%
7791558
0%
7801560
0%
7821564
0%
7831566
0%
7841568
0%
7851570
0%
7861572
0%
7881576
0%
7891578
0%
79158
0%
7901580
0%
7911582
0%
7921584
0%
7931586
0%
7951590
0%
7961592
0%
7971594
0%
7991598
0%
816
0%
8021604
0%
8051610
0%
8061612
0%
8071614
0%
8081616
0%
8101620
0%
8121624
0%
8131626
0%
8141628
0%
8151630
0%
8191638
0%
8231646
0%
8251650
0%
8271654
0%
8281656
0%
8291658
0%
8311662
0%
8321664
0%
8331666
0%
8341668
0%
8351670
0%
8371674
0%
8391678
0%
8401680
0%
8421684
0%
8431686
0%
8451690
0%
8461692
0%
8471694
0%
8491698
0%
85170
0%
8531706
0%
8541708
0%
8561712
0%
8571714
0%
8591718
0%
8601720
0%
8611722
0%
8621724
0%
8631726
0%
8641728
0%
8661732
0%
8681736
0%
8691738
0%
87174
0%
8721744
0%
8741748
0%
8751750
0%
8771754
0%
8781756
0%
8791758
0%
88176
0%
8811762
0%
8821764
0%
8841768
0%
8871774
0%
8881776
0%
8891778
0%
8901780
0%
8931786
0%
8941788
0%
8951790
0%
8961792
0%
8971794
0%
8981796
0%
8991798
0%
90180
0%
9011802
0%
9021804
0%
9031806
0%
9041808
0%
9061812
0%
9091818
0%
9111822
0%
9141828
0%
9151830
0%
9161832
0%
9171834
0%
9181836
0%
9211842
0%
9221844
0%
9241848
0%
9261852
0%
9271854
0%
9291858
0%
9301860
0%
9311862
0%
9321864
0%
9331866
0%
9341868
0%
9361872
0%
9371874
0%
9391878
0%
9401880
0%
9411882
0%
9421884
0%
9451890
0%
9461892
0%
9471894
0%
95190
0%
9511902
0%
9521904
0%
9541908
0%
9571914
0%
9581916
0%
9591918
0%
9611922
0%
9641928
0%
9651930
0%
9671934
0%
9751950
0%
9761952
0%
9771954
0%
9781956
0%
9791958
0%
98196
0%
9801960
0%
9811962
0%
9821964
0%
9831966
0%
9841968
0%
9851970
0%
9871974
0%
9881976
0%
9901980
0%
9931986
0%
9941988
0%
1020
0%
100200
0%
108216
0%
110220
0%
112224
0%
113226
0%
114228
0%
115230
0%
117234
0%
118236
0%
119238
0%
1224
0%
122244
0%
123246
0%
126252
0%
128256
0%
1326
0%
130260
0%
133266
0%
134268
0%
139278
0%
1428
0%
141282
0%
143286
0%
145290
0%
1530
0%
150300
0%
152304
0%
155310
0%
156312
0%
157314
0%
158316
0%
162324
0%
165330
0%
166332
0%
167334
0%
169338
0%
1734
0%
172344
0%
175350
0%
178356
0%
179358
0%
1836
0%
181362
0%
183366
0%
185370
0%
187374
0%
188376
0%
189378
0%
1938
0%
191382
0%
192384
0%
193386
0%
194388
0%
195390
0%
196392
0%
198396
0%
2040
0%
202404
0%
204408
0%
207414
0%
208416
0%
2142
0%
212424
0%
214428
0%
216432
0%
217434
0%
2244
0%
221442
0%
223446
0%
225450
0%
226452
0%
227454
0%
2346
0%
230460
0%
232464
0%
233466
0%
238476
0%
239478
0%
2448
0%
243486
0%
244488
0%
246492
0%
248496
0%
250500
0%
251502
0%
254508
0%
255510
0%
256512
0%
258516
0%
259518
0%
262524
0%
264528
0%
267534
0%
268536
0%
269538
0%
271542
0%
273546
0%
275550
0%
276552
0%
277554
0%
2856
0%
281562
0%
285570
0%
287574
0%
288576
0%
289578
0%
2958
0%
291582
0%
292584
0%
293586
0%
294588
0%
295590
0%
298596
0%
3060
0%
302604
0%
303606
0%
304608
0%
306612
0%
308616
0%
310620
0%
314628
0%
315630
0%
318636
0%
3264
0%
320640
0%
322644
0%
323646
0%
324648
0%
325650
0%
327654
0%
328656
0%
3366
0%
334668
0%
335670
0%
336672
0%
337674
0%
338676
0%
339678
0%
340680
0%
342684
0%
343686
0%
345690
0%
346692
0%
348696
0%
349698
0%
350700
0%
352704
0%
353706
0%
358716
0%
3672
0%
360720
0%
361722
0%
362724
0%
364728
0%
367734
0%
369738
0%
371742
0%
374748
0%
376752
0%
377754
0%
378756
0%
381762
0%
384768
0%
385770
0%
387774
0%
389778
0%
3978
0%
392784
0%
393786
0%
394788
0%
396792
0%
397794
0%
399798
0%
400800
0%
402804
0%
405810
0%
408816
0%
4182
0%
410820
0%
416832
0%
417834
0%
418836
0%
420840
0%
422844
0%
423846
0%
424848
0%
425850
0%
428856
0%
429858
0%
4386
0%
430860
0%
433866
0%
434868
0%
435870
0%
437874
0%
438876
0%
439878
0%
440880
0%
442884
0%
443886
0%
444888
0%
445890
0%
447894
0%
448896
0%
4590
0%
451902
0%
453906
0%
457914
0%
458916
0%
459918
0%
462924
0%
463926
0%
465930
0%
466932
0%
469938
0%
4794
0%
470940
0%
471942
0%
472944
0%
473946
0%
474948
0%
477954
0%
478956
0%
4896
0%
480960
0%
483966
0%
484968
0%
488976
0%
491982
0%
492984
0%
494988
0%
497994
0%
498996
0%
499998
0%

Score Distribution

Percentile by Number Answered

Percent of People with Each Score

Your Score History

You have not taken this quiz